| 000 | 00622nam a2200205 i 4500 | ||
|---|---|---|---|
| 001 | 29354 | ||
| 003 | ES-MaACL | ||
| 007 | t| | ||
| 008 | 030121s1942 sp ||||1| spa d | ||
| 100 | 1 |
_aBaring, Maurice. _925656 |
|
| 245 | 1 | 0 |
_aMañana es hoy / _cpor Maurice Baring ; [Traducción del inglés por Luis Hernández]. |
| 250 | _a[1ª ed.]. | ||
| 260 |
_a[Barcelona : _bs.n., _c1942] ( _fAgustín Núñez) |
||
| 300 |
_a228 p. ; _c20 cm. |
||
| 490 | 1 | _aColección Aretusa | |
| 700 | 1 |
_aHernández, Luis. _962831 |
|
| 830 | 0 |
_aColección Aretusa _9181543 |
|
| 852 |
_aES-MaACL _jE-989 _bR.27375 |
||
| 999 |
_c29354 _d29354 |
||